[Event "quick games"]
[Site "SchemingMind.com"]
[Date "2005.03.02"]
[Round "-"]
[White "willygor"]
[Black "refutor"]
[Result "1-0"]
[WhiteCountry "ARG"]
[BlackCountry "CAN"]
[WhiteElo "1678"]
[WhiteRD "74"]
[BlackElo "1449"]
[BlackRD "57"]
[GameID "9807"]

1. e4 c5 2. f4 d5 3. Bb5+ Bd7 4. Bxd7+ Qxd7 5. e5 e6 6. Nf3 Ne7 7. d3 Nbc6 8. Nc3 Nf5 9. O-O Be7 10. a3 O-O
11. Bd2 d4 12. Ne4 h6 13. Be1 Ne3 14. Qd2 Nxf1 15. Kxf1 b6 16. Bf2 Rad8 17. g4 f5 18. gxf5 exf5 19. Ng3 Qd5 20. Ke2 g5
21. Rg1 g4 22. Nh4 Bxh4 23. Nxf5 Qf3+ 24. Ke1 Bxf2+ 25. Qxf2
1-0

[Event "quick games"]
[Site "SchemingMind.com"]
[Date "2005.03.02"]
[Round "-"]
[White "refutor"]
[Black "willygor"]
[Result "0-1"]
[WhiteCountry "CAN"]
[BlackCountry "ARG"]
[WhiteElo "1449"]
[WhiteRD "57"]
[BlackElo "1678"]
[BlackRD "74"]
[GameID "9808"]

1. b3 Nf6 2. Bb2 e6 3. e3 d5 4. Nf3 Bd6 5. c4 dxc4 6. Bxc4 Nbd7 7. d4 c6 8. Nbd2 b5 9. Bd3 Bb7 10. O-O Qc7
11. Rc1 a6 12. h3 e5 13. dxe5 Nxe5 14. Nxe5 Bxe5 15. Bxe5 Qxe5 16. Nf3 Qe7 17. Qd2 Rd8 18. Qe2 O-O 19. a4 c5 20. axb5 Bxf3
21. gxf3 axb5 22. Bxb5 Rd5 23. f4 Rfd8 24. Bc4 R5d6 25. Kh2 Rd2
0-1

[Event "quick games"]
[Site "SchemingMind.com"]
[Date "2005.03.02"]
[Round "-"]
[White "Dr_Doom125"]
[Black "refutor"]
[Result "1-0"]
[WhiteCountry "USA"]
[BlackCountry "CAN"]
[WhiteElo "1853"]
[WhiteRD "133"]
[BlackElo "1449"]
[BlackRD "57"]
[GameID "9848"]

1. e4 c5 2. Nf3 e6 3. d4 cxd4 4. Nxd4 a6 5. Bd3 Bc5 6. Nb3 Ba7 7. O-O Nc6 8. Qe2 Nf6 9. e5 Nd5 10. Rd1 O-O
11. c4 Nde7 12. Bg5 h6 13. Qe4
1-0

[Event "quick games"]
[Site "SchemingMind.com"]
[Date "2005.03.02"]
[Round "-"]
[White "Dr_Doom125"]
[Black "willygor"]
[Result "1-0"]
[WhiteCountry "USA"]
[BlackCountry "ARG"]
[WhiteElo "1853"]
[WhiteRD "133"]
[BlackElo "1678"]
[BlackRD "74"]
[GameID "9849"]

1. e4 e5 2. Nf3 Nc6 3. Bb5 d6 4. d4 exd4 5. Nxd4 Bd7 6. Nc3 Nge7 7. Bg5 a6 8. Nxc6 bxc6 9. Bc4 Be6 10. Bxe6 fxe6
11. Qh5+ g6 12. Qh3 Qd7 13. Bf6 Rg8 14. Qxh7 O-O-O 15. O-O-O Re8 16. f4 c5 17. Rd2 Nc6 18. Qxg8 Bh6 19. Qxg6 Bxf4 20. h4 Ne5
21. Bxe5 dxe5 22. Rd1 Rd8 23. Nb1 c4 24. g3 a5 25. gxf4
1-0

[Event "quick games"]
[Site "SchemingMind.com"]
[Date "2005.03.02"]
[Round "-"]
[White "refutor"]
[Black "Dr_Doom125"]
[Result "0-1"]
[WhiteCountry "CAN"]
[BlackCountry "USA"]
[WhiteElo "1418"]
[WhiteRD "62"]
[BlackElo "1872"]
[BlackRD "127"]
[GameID "9850"]

1. Nc3 c5 2. e4 Nc6 3. g3 g6 4. Bg2 Bg7 5. d3 Nf6 6. Be3 d6 7. f4 Ng4 8. Bd2 Bd4 9. Nf3 Nf2 10. Qe2 Nxh1
11. Nxd4 Nxd4 12. Qd1 Bg4 13. Qc1 Bf3 14. Bxf3 Nxf3+ 15. Kf1 Nxg3+ 16. hxg3 h6 17. Be3 Nd4
0-1

[Event "quick games"]
[Site "SchemingMind.com"]
[Date "2005.03.02"]
[Round "-"]
[White "willygor"]
[Black "Dr_Doom125"]
[Result "0-1"]
[WhiteCountry "ARG"]
[BlackCountry "USA"]
[WhiteElo "1678"]
[WhiteRD "74"]
[BlackElo "1853"]
[BlackRD "133"]
[GameID "9851"]

1. e4 c5 2. f4 Nc6 3. Nf3 e6 4. Bb5 Nge7 5. Nc3 a6 6. Bxc6 Nxc6 7. d3 d5 8. e5 Be7 9. O-O O-O 10. Bd2 b5
11. Qe2 Bb7 12. a3 Qd7 13. Rad1 Rab8 14. g4 f5 15. gxf5 Rxf5 16. Rf2 b4 17. axb4 Nxb4 18. Be1 Rxf4 19. Rg2 Rbf8 20. Ng5 Nxc2
21. Bg3 Nd4 22. Qd2 Bxg5 23. Bxf4 Bxf4 24. Qxf4 Rxf4 25. Ne2 Nxe2+ 26. Rxe2 Qa4 27. Rde1 Qd4+ 28. Re3 Rg4+ 29. Kf2 Qf4+ 30. Rf3 Qxh2+
0-1

[Event "quick games"]
[Site "SchemingMind.com"]
[Date "2005.03.03"]
[Round "-"]
[White "smazinga"]
[Black "refutor"]
[Result "1-0"]
[WhiteCountry "ITA"]
[BlackCountry "CAN"]
[WhiteElo "1445"]
[WhiteRD "126"]
[BlackElo "1449"]
[BlackRD "57"]
[GameID "9897"]

1. e4 c5 2. Nf3 e6 3. c3 d5 4. exd5 exd5 5. d4 Nf6 6. Bg5 Bd6 7. Ne5 O-O 8. Qf3 Nbd7 9. Nxd7 Bxd7 10. Bxf6 Qxf6
11. Qxf6 gxf6 12. Be2 Rae8 13. Nd2 cxd4 14. cxd4
1-0

[Event "quick games"]
[Site "SchemingMind.com"]
[Date "2005.03.03"]
[Round "-"]
[White "smazinga"]
[Black "willygor"]
[Result "0-1"]
[WhiteCountry "ITA"]
[BlackCountry "ARG"]
[WhiteElo "1445"]
[WhiteRD "126"]
[BlackElo "1678"]
[BlackRD "74"]
[GameID "9898"]

1. e4 e5 2. Nf3 Nc6 3. Bb5 d6 4. d4 exd4 5. Qxd4 Bd7 6. Bxc6 Bxc6 7. Nc3 Nf6 8. Bg5 Be7 9. Nd5 O-O 10. Nxf6+ Bxf6
11. Bxf6 Qxf6 12. Qxf6 gxf6 13. Nd2 Rae8 14. f3 f5 15. O-O fxe4 16. fxe4 Bxe4 17. Nxe4 Rxe4 18. Rae1 Rfe8 19. Rxe4 Rxe4 20. Rc1 Re2
21. b3 Kg7 22. a4 Kg6 23. Kf1 Rd2 24. h3 f5 25. Kg1 h5 26. Re1 Rxc2 27. Re6+ Kg5 28. Re7 Kf4 29. Rh7 Kg3 30. Rg7+ Kf4
31. Kh2 Rc3 32. b4 Rc4 33. a5 Rxb4 34. Rxc7 a6 35. Rd7 Ke5 36. Rc7 d5 37. Rc2 d4 38. Re2+ Kd5 39. Kg3 d3 40. Kf3 dxe2
0-1

[Event "quick games"]
[Site "SchemingMind.com"]
[Date "2005.03.03"]
[Round "-"]
[White "smazinga"]
[Black "Dr_Doom125"]
[Result "0-1"]
[WhiteCountry "ITA"]
[BlackCountry "USA"]
[WhiteElo "1445"]
[WhiteRD "126"]
[BlackElo "1853"]
[BlackRD "133"]
[GameID "9899"]

1. e4 c5 2. Bc4 e6 3. Nc3 Nc6 4. Nf3 Nf6 5. d3 d5 6. exd5 exd5 7. Nxd5 Nxd5 8. O-O Be7 9. Re1 O-O 10. Bxd5 Qxd5
11. c4 Qd6 12. a3 Bg4 13. Be3 Rad8 14. Qc2 Bxf3 15. gxf3 Ne5 16. Bf4 Nxf3+
0-1

[Event "quick games"]
[Site "SchemingMind.com"]
[Date "2005.03.03"]
[Round "-"]
[White "refutor"]
[Black "smazinga"]
[Result "0-1"]
[WhiteCountry "CAN"]
[BlackCountry "ITA"]
[WhiteElo "1449"]
[WhiteRD "57"]
[BlackElo "1445"]
[BlackRD "126"]
[GameID "9900"]

1. e4 c5 2. Nf3 Nc6 3. Bb5 g6 4. Bxc6 bxc6 5. O-O d6 6. c3 Bg7 7. d4 cxd4 8. cxd4 Nf6 9. Nc3 O-O 10. Bg5 Bg4
11. h3 Bxf3 12. Qxf3 Re8 13. Rad1 Rb8
0-1

[Event "quick games"]
[Site "SchemingMind.com"]
[Date "2005.03.03"]
[Round "-"]
[White "willygor"]
[Black "smazinga"]
[Result "1-0"]
[WhiteCountry "ARG"]
[BlackCountry "ITA"]
[WhiteElo "1678"]
[WhiteRD "74"]
[BlackElo "1445"]
[BlackRD "126"]
[GameID "9901"]

1. e4 c5 2. f4 d6 3. Bb5+ Bd7 4. Bxd7+ Qxd7 5. d3 Nc6 6. Nf3 Qg4 7. O-O Nf6 8. Nc3 a6 9. h3 Qh5 10. Nd5 Nxd5
11. exd5 Nd4 12. c4 e6 13. Qa4+ b5 14. cxb5 Qxd5 15. bxa6+ Nc6 16. Be3 Be7 17. d4 O-O 18. dxc5 Nd8 19. cxd6 Qxd6 20. Rfd1 Qxa6
21. Qxa6 Rxa6 22. a3 Bf6 23. Rab1 Re8 24. Rd3 h6 25. b4 Nb7 26. Bd4 Bxd4+ 27. Nxd4 Rd6 28. Kf2 e5 29. fxe5 Rxe5 30. Rbd1 Rf6+
31. Nf3 Ref5 32. Rd7 Rb5 33. R1d4 Rbb6 34. a4 Nd6 35. Ke2 Nf5 36. Rc4 Rfe6+ 37. Kd2 Nd6 38. Rf4 Ne4+ 39. Kc2 Nf6 40. Rd8+ Re8
41. Rxe8+ Nxe8 42. a5 Rc6+ 43. Kb3 Nd6 44. Nd4 Rc4 45. b5 g5 46. Re4 f5 47. Re8+ Kf7 48. Rb8 Rxd4 49. a6 Rd1 50. a7 Rb1+
51. Ka2 Nxb5 52. Kxb1 Nxa7 53. Rb7+ Ke6 54. Rxa7 Ke5 55. Kc1 Kf4 56. Ra3 h5 57. Kd1 h4 58. Ke2 g4 59. Kf2 Ke5 60. Re3+ Kf4
61. Re8 g3+ 62. Ke2 Kg5 63. Kf3 Kf6 64. Kf4 Kf7 65. Re5 Kf6 66. Rxf5+
1-0

[Event "quick games"]
[Site "SchemingMind.com"]
[Date "2005.03.03"]
[Round "-"]
[White "Dr_Doom125"]
[Black "smazinga"]
[Result "1-0"]
[WhiteCountry "USA"]
[BlackCountry "ITA"]
[WhiteElo "1853"]
[WhiteRD "133"]
[BlackElo "1445"]
[BlackRD "126"]
[GameID "9902"]

1. c4 e5 2. Nc3 Nf6 3. Nf3 Nc6 4. g3 e4 5. Ng5 d5 6. cxd5 Nxd5 7. Ngxe4 f5 8. Ng5 Nxc3 9. dxc3 Qxd1+ 10. Kxd1 Be7
11. Bg2 Ne5 12. Bf4 Bd6 13. Kc2 O-O 14. Bd5+ Kh8 15. Bxe5 Bxe5 16. Nf7+ Rxf7 17. Bxf7 f4 18. Rhd1 Bf5+ 19. Kb3 b5 20. Rd5
1-0

[Event "quick games"]
[Site "SchemingMind.com"]
[Date "2005.03.03"]
[Round "-"]
[White "xc3pti0n"]
[Black "refutor"]
[Result "1-0"]
[WhiteCountry "EST"]
[BlackCountry "CAN"]
[WhiteElo "1957"]
[WhiteRD "131"]
[BlackElo "1449"]
[BlackRD "57"]
[GameID "9906"]

1. e4 c5 2. Nf3 e6 3. d4 cxd4 4. Nxd4 a6 5. Nc3 b5 6. Bd3 Bb7 7. O-O Bc5 8. Nb3 Ba7 9. Qg4 Nf6 10. Qxg7 Rg8
11. Qh6 Rg6 12. Qf4 Ke7 13. Kh1
1-0

[Event "quick games"]
[Site "SchemingMind.com"]
[Date "2005.03.03"]
[Round "-"]
[White "xc3pti0n"]
[Black "willygor"]
[Result "1-0"]
[WhiteCountry "EST"]
[BlackCountry "ARG"]
[WhiteElo "1957"]
[WhiteRD "131"]
[BlackElo "1678"]
[BlackRD "74"]
[GameID "9907"]

1. e4 e5 2. Nf3 Nc6 3. Bc4 Bc5 4. c3 a6 5. O-O d6 6. d4 Ba7 7. dxe5 Bg4 8. exd6 cxd6 9. Bf4 Nf6 10. Qd3 O-O
11. Nbd2 b5 12. Bb3 h6 13. Qxd6 Qb6 14. Bxh6 Rad8 15. Qf4 Bb8 16. Qg5 Ne8 17. Qxg4 Ne7 18. Be3 Qc7 19. Rad1 Ng6 20. Qxg6 Nf6
21. Bh6 Ne8 22. Bg5 Rd7 23. Qf5 a5 24. Bf4 Qxf4 25. Qxd7 Nf6 26. Qxb5 g5 27. Qxg5+ Qxg5 28. Nxg5
1-0

[Event "quick games"]
[Site "SchemingMind.com"]
[Date "2005.03.03"]
[Round "-"]
[White "xc3pti0n"]
[Black "Dr_Doom125"]
[Result "1-0"]
[WhiteCountry "EST"]
[BlackCountry "USA"]
[WhiteElo "1957"]
[WhiteRD "131"]
[BlackElo "1853"]
[BlackRD "133"]
[GameID "9908"]

1. e4 c5 2. Nc3 Nc6 3. Nf3 d6 4. d4 cxd4 5. Nxd4 e5 6. Ndb5 a6 7. Na3 Nf6 8. Bg5 Be7 9. Nc4 Nd4 10. Bxf6 Bxf6
11. Nd5 Bg5 12. c3 Nb5 13. a4 O-O 14. axb5 Bd7 15. Ncb6
1-0

[Event "quick games"]
[Site "SchemingMind.com"]
[Date "2005.03.03"]
[Round "-"]
[White "xc3pti0n"]
[Black "smazinga"]
[Result "1-0"]
[WhiteCountry "EST"]
[BlackCountry "ITA"]
[WhiteElo "1957"]
[WhiteRD "131"]
[BlackElo "1445"]
[BlackRD "126"]
[GameID "9909"]

1. e4 c5 2. Nc3 e6 3. Nge2 d6 4. g3 Nf6 5. Bg2 e5 6. d3 Nc6 7. f4 exf4 8. Bxf4 Qb6 9. Bg5 Be7 10. Qc1 Nd4
11. O-O Nxe2+ 12. Nxe2 h6 13. Bd2 Nh7 14. Nf4 Bg5 15. Nd5 Bxd2 16. Nxb6
1-0

[Event "quick games"]
[Site "SchemingMind.com"]
[Date "2005.03.03"]
[Round "-"]
[White "refutor"]
[Black "xc3pti0n"]
[Result "0-1"]
[WhiteCountry "CAN"]
[BlackCountry "EST"]
[WhiteElo "1449"]
[WhiteRD "57"]
[BlackElo "1957"]
[BlackRD "131"]
[GameID "9910"]

1. d4 f5 2. Bg5 h6 3. Bh4 g5 4. e3 Nf6 5. Bg3 Bg7 6. Bd3 e6 7. c3 Nc6 8. Nd2 O-O 9. Ngf3 Kh8 10. Be5 d6
11. Bxf6 Qxf6 12. Qb3 e5
0-1

[Event "quick games"]
[Site "SchemingMind.com"]
[Date "2005.03.03"]
[Round "-"]
[White "willygor"]
[Black "xc3pti0n"]
[Result "0-1"]
[WhiteCountry "ARG"]
[BlackCountry "EST"]
[WhiteElo "1678"]
[WhiteRD "74"]
[BlackElo "1957"]
[BlackRD "131"]
[GameID "9911"]

1. e4 e5 2. Nf3 Nc6 3. Bc4 Nf6 4. Ng5 d5 5. exd5 Nd4 6. d3 b5 7. Bb3 Nxb3 8. axb3 Nxd5 9. Qf3 f6 10. Ne4 Be7
11. O-O O-O 12. c4 Nb6 13. Nbc3 c6 14. cxb5 cxb5 15. Nxb5 Qd7 16. Be3 Qxb5 17. Bxb6 Qxb6 18. Rfd1 Kh8 19. Nc3 Bb7 20. Qg3 Qxb3
21. Rab1 Rfd8 22. h4 Rac8 23. h5 Bc5 24. h6 gxh6 25. Ne4 Bxe4 26. Qh3 Qc2
0-1

[Event "quick games"]
[Site "SchemingMind.com"]
[Date "2005.03.03"]
[Round "-"]
[White "Dr_Doom125"]
[Black "xc3pti0n"]
[Result "1/2-1/2"]
[WhiteCountry "USA"]
[BlackCountry "EST"]
[WhiteElo "1872"]
[WhiteRD "127"]
[BlackElo "1946"]
[BlackRD "128"]
[GameID "9912"]

1. c4 f5 2. d4 Nf6 3. Nf3 g6 4. Bf4 Bg7 5. Nc3 O-O 6. e3 d6 7. Bd3 Nbd7 8. O-O c5 9. d5 Nb6 10. Qe2 Re8
11. a4 Qc7 12. a5 Nbd7 13. Rfd1 a6 14. e4 fxe4 15. Nxe4 Nxe4 16. Bxe4 Nf6 17. Bc2 Bg4 18. h3 Bxf3 19. Qxf3 Rf8 20. Bc1 Nd7
21. Qg4 Bd4 22. Qe6+ Kg7 23. Qxe7+ Rf7 24. Bh6+ Kg8 25. Qe6 Ne5 26. b3 Bxa1 27. Rxa1 Qd7 28. f4 Re8 29. Qxd7 Nxd7 30. Rf1 Nf6=
31. f5 Ne4 32. fxg6 hxg6 33. Rf3 Rxf3 34. gxf3 Kh7 35. Bf4 Rf8 36. Bh2 Nd2 37. Bxd6 Rxf3 38. Bc7 Rc3 39. d6 Rxc2 40. d7 Nf3+
41. Kf1 Rd2 42. d8=Q Rxd8 43. Bxd8 Nd4 44. h4 Nxb3 45. Ke2 Kg7 46. Kd3 Kf7 47. Bb6 Ke6 48. Kc3 Nd4 49. Bxc5 Nc6 50. Bb6 Kf5
51. Kd3 Kg4 52. Ke4 Kxh4 53. Kd5 g5 54. Kd6 g4 55. Kc7 g3 56. Kxb7 Ne5 57. c5 Nc6 58. Bc7 g2 59. Bh2 Nxa5+ 60. Kxa6 Nc6
61. Bg1 Kg4= 62. Kb6 Ne5 63. c6 Nxc6= 64. Kxc6 Kf3 65. Bh2=
1/2-1/2

[Event "quick games"]
[Site "SchemingMind.com"]
[Date "2005.03.03"]
[Round "-"]
[White "smazinga"]
[Black "xc3pti0n"]
[Result "0-1"]
[WhiteCountry "ITA"]
[BlackCountry "EST"]
[WhiteElo "1445"]
[WhiteRD "126"]
[BlackElo "1957"]
[BlackRD "131"]
[GameID "9913"]

1. e4 e5 2. Nf3 Nc6 3. Bb5 Nf6 4. d3 Bc5 5. O-O d6 6. Bg5 O-O 7. Bxc6 bxc6 8. a3 Re8 9. b4 Bb6 10. c4 a5
11. Nc3 axb4 12. axb4 Rxa1 13. Qxa1 Bb7 14. Re1 Qe7 15. Re2 Qe6 16. Bxf6 Qxf6
0-1

[Event "quick games"]
[Site "SchemingMind.com"]
[Date "2005.03.04"]
[Round "-"]
[White "Spohn"]
[Black "willygor"]
[Result "0-1"]
[WhiteCountry "USA"]
[BlackCountry "ARG"]
[WhiteElo "1599"]
[WhiteRD "58"]
[BlackElo "1678"]
[BlackRD "74"]
[GameID "9944"]

1. e4 e5 2. Nf3 d6 3. d4 exd4 4. Nxd4 Bd7 5. Bc4 Nc6 6. Nc3 Ne5 7. Bb3 Nf6 8. f4 Nc6 9. h3 Qe7 10. O-O O-O-O
11. Qe2 Nxd4
0-1

[Event "quick games"]
[Site "SchemingMind.com"]
[Date "2005.03.04"]
[Round "-"]
[White "Spohn"]
[Black "Dr_Doom125"]
[Result "0-1"]
[WhiteCountry "USA"]
[BlackCountry "USA"]
[WhiteElo "1599"]
[WhiteRD "58"]
[BlackElo "1853"]
[BlackRD "133"]
[GameID "9945"]

1. e4 c5 2. Nf3 d6 3. d4 cxd4 4. Nxd4 Nf6 5. Nc3 g6 6. f4 Nc6 7. Nxc6 bxc6 8. e5 dxe5 9. Qxd8+ Kxd8 10. fxe5 Nd5
11. Nxd5 cxd5 12. Bg5 h6 13. Bh4 Rb8 14. O-O-O Be6 15. Bc4 Kc7 16. Bxd5 Bxd5 17. Rxd5 e6 18. Ra5 Kb6 19. Ra4 Bc5 20. Rd1 g5
21. Be1 Kb5 22. Ra5+ Kc6 23. a3 Rhd8 24. Rxd8 Rxd8 25. Ra4 Be3+
0-1

[Event "quick games"]
[Site "SchemingMind.com"]
[Date "2005.03.04"]
[Round "-"]
[White "Spohn"]
[Black "smazinga"]
[Result "1-0"]
[WhiteCountry "USA"]
[BlackCountry "ITA"]
[WhiteElo "1636"]
[WhiteRD "61"]
[BlackElo "1417"]
[BlackRD "115"]
[GameID "9946"]

1. e4 c5 2. Nf3 Nc6 3. d4 cxd4 4. Nxd4 Nf6 5. Nc3 a6 6. Bg5 Ne5 7. f4 Ng6 8. e5 h6 9. exf6 hxg5 10. fxg7 Bxg7
11. fxg5 e6 12. Qd2 b5 13. Bd3 Bb7 14. Bxg6 fxg6 15. O-O-O e5 16. Nb3 O-O 17. h4 Bc6 18. h5 Rf5 19. g4 Rxg5 20. hxg6 Rxg6
21. Rh5 Bf3 22. Rf1 Bxg4 23. Rhh1 Qg5 24. Qxg5 Rxg5 25. Nd5 Re8 26. Nc5 e4 27. Nf6+ Bxf6 28. Rxf6 Rxc5 29. Rg6+ Kf7 30. Rxg4 Rce5
31. Rh7+ Ke6 32. Rg6+ Kf5 33. Rxa6 Rd5 34. Rh5+ Kf4 35. Rxd5 Rh8 36. Rf6+ Ke3 37. Rxd7 Ke2 38. Rd2+ Ke3 39. Rf1 Rh3 40. Rd5 Ke2
41. Rfd1 Rf3 42. Rxb5 e3 43. Rh5 Rf2 44. a4 Kf3 45. Rf5+ Ke2 46. Rxf2+ Kxf2 47. a5 e2 48. Rd2 Ke3 49. Rxe2+ Kxe2 50. a6
1-0

[Event "quick games"]
[Site "SchemingMind.com"]
[Date "2005.03.04"]
[Round "-"]
[White "Spohn"]
[Black "xc3pti0n"]
[Result "0-1"]
[WhiteCountry "USA"]
[BlackCountry "EST"]
[WhiteElo "1599"]
[WhiteRD "58"]
[BlackElo "1957"]
[BlackRD "131"]
[GameID "9947"]

1. e4 e5 2. f4 exf4 3. Nf3 d6 4. Bc4 h6 5. O-O g5 6. d4 Bg4 7. c3 Bh5 8. Qb3 Qc8 9. Nh4 Nd7 10. Nf5 Nb6
11. Nd2 Qd7 12. Re1 O-O-O 13. Nf3 Nxc4 14. Qxc4 Nf6 15. e5 Qxf5 16. a4 d5 17. Qb5 Ne4 18. a5 a6 19. Qd3 Bxf3 20. Qxf3 f6
21. exf6 Qxf6 22. b4 Qf5 23. b5 g4 24. Qd1 f3 25. Rf1 f2+ 26. Kh1 Ng3+
0-1

[Event "quick games"]
[Site "SchemingMind.com"]
[Date "2005.03.04"]
[Round "-"]
[White "refutor"]
[Black "Spohn"]
[Result "0-1"]
[WhiteCountry "CAN"]
[BlackCountry "USA"]
[WhiteElo "1449"]
[WhiteRD "57"]
[BlackElo "1599"]
[BlackRD "58"]
[GameID "9948"]

1. e4 c5 2. Nf3 d6 3. Bb5+ Bd7 4. Bxd7+ Nxd7 5. O-O Ngf6 6. Re1 e6 7. c3 c4 8. d4 cxd3 9. Qxd3 a6 10. Bg5 Be7
11. Nbd2 Qb6 12. Qc2 Ng4 13. Be3 Nxe3 14. Rxe3 Nf6 15. Rd1 O-O
0-1

[Event "quick games"]
[Site "SchemingMind.com"]
[Date "2005.03.04"]
[Round "-"]
[White "willygor"]
[Black "Spohn"]
[Result "1-0"]
[WhiteCountry "ARG"]
[BlackCountry "USA"]
[WhiteElo "1678"]
[WhiteRD "74"]
[BlackElo "1599"]
[BlackRD "58"]
[GameID "9949"]

1. e4 c5 2. f4 e6 3. Nf3 d5 4. Bb5+ Bd7 5. Bxd7+ Qxd7 6. e5 Nc6 7. d3 f6 8. O-O Be7 9. Qe2 Nh6 10. Nc3 Nf5
11. a3 Nfd4 12. Qf2 Nxf3+ 13. Qxf3 fxe5 14. f5 d4 15. fxe6 Qxe6 16. Ne4 O-O-O 17. Bd2 Rhf8 18. Qe2 h6 19. a4 Bf6 20. Nxc5 Qd5
21. Ne4 Ne7 22. b4 Qc6 23. b5 Qd7 24. Bb4 Rf7 25. Nd6+
1-0

[Event "quick games"]
[Site "SchemingMind.com"]
[Date "2005.03.04"]
[Round "-"]
[White "Dr_Doom125"]
[Black "Spohn"]
[Result "1-0"]
[WhiteCountry "USA"]
[BlackCountry "USA"]
[WhiteElo "1853"]
[WhiteRD "133"]
[BlackElo "1599"]
[BlackRD "58"]
[GameID "9950"]

1. e4 c5 2. Nf3 d6 3. d4 cxd4 4. Nxd4 Nf6 5. Nc3 a6 6. Be2 e6 7. O-O Be7 8. Be3 Nc6 9. Qd2 O-O 10. Rad1 e5
11. Nb3 Ne8 12. Nd5 f5 13. Bb6 Qd7 14. Bc4 Kh8 15. exf5 Qxf5 16. f4 Qe4 17. fxe5 Qxc4 18. Nxe7 Rxf1+ 19. Rxf1 Nxe7 20. Rf8+ Ng8
21. Rxe8 Qb5 22. Rxg8+ Kxg8 23. Qxd6 Bf5 24. Nd4 Qxb2 25. Qd5+ Kh8 26. Qxb7 Qc1+ 27. Kf2 Rf8 28. Qe7 Qd2+ 29. Kg3 Qc3+ 30. Nf3 Rc8
31. Bd8 h6 32. Qf8+
1-0

[Event "quick games"]
[Site "SchemingMind.com"]
[Date "2005.03.04"]
[Round "-"]
[White "smazinga"]
[Black "Spohn"]
[Result "1-0"]
[WhiteCountry "ITA"]
[BlackCountry "USA"]
[WhiteElo "1445"]
[WhiteRD "126"]
[BlackElo "1599"]
[BlackRD "58"]
[GameID "9951"]

1. e4 c5 2. Nf3 Nc6 3. Bc4 e6 4. d3 a6 5. a3 d5 6. exd5 exd5 7. Ba2 Bg4 8. O-O Nf6 9. Nbd2 Be7 10. c3 O-O
11. b4 Ne5 12. d4 cxd4 13. cxd4 Nd3 14. Qe2 Nf4 15. Qe3 Bd6 16. Ne5 Ng6 17. f3 Re8 18. fxg4 Nxe5 19. g5 Neg4 20. Qh3 Ne3
21. Rf3 Nfg4 22. Nf1 Nxf1 23. Rxf1 Bxh2+ 24. Kh1 Qd7 25. Bf4 Bxf4 26. Rxf4 Re4 27. Raf1 Rae8 28. Rxe4 Rxe4 29. Qf3 Qc7 30. g3 Qc2
31. Qxf7+
1-0

[Event "quick games"]
[Site "SchemingMind.com"]
[Date "2005.03.04"]
[Round "-"]
[White "xc3pti0n"]
[Black "Spohn"]
[Result "1-0"]
[WhiteCountry "EST"]
[BlackCountry "USA"]
[WhiteElo "1957"]
[WhiteRD "131"]
[BlackElo "1599"]
[BlackRD "58"]
[GameID "9952"]

1. e4 c5 2. Nf3 d6 3. d4 cxd4 4. Nxd4 Nf6 5. Nc3 a6 6. f4 e6 7. Be2 Be7 8. O-O Nc6 9. Be3 Bd7 10. Qe1 b5
11. a3 O-O 12. Qg3 Rc8 13. Nxc6 Bxc6 14. Bd3 e5 15. fxe5 dxe5 16. Rad1 Re8 17. Bxb5 Qc7 18. Bxa6 Rb8 19. b4 Nxe4 20. Nxe4 Bxe4
21. c4 Bg6 22. Bb5 Red8 23. Rxd8+ Rxd8 24. c5 Qb7 25. Bc4 Qe4 26. Rc1 Bh5 27. c6 Bh4 28. c7 Rc8 29. Bd5 Qxd5 30. Qxh4 Qd3
31. Bf2 Bg6 32. b5 Qxa3 33. Qd8+ Qf8 34. Rd1 Bf5 35. Qxc8 Bxc8 36. Rd8 f6= 37. Bc5
1-0